Mobbing na pracovisku
Mobbing - pretrvávajúca negatívna atmosféra a konflikty na pracovisku, ktoré sa následne odrážajú na výkone, ale aj psychickej forme zamestnancov a celej skupiny. Mobbing znižuje pracovnú výkonnosť. "Útočníci" - stratégie a formy útokov. Mobbing je pomerne zložité identifikovať, ale jeho dôsledky sú...
Guardado en:
| Autor principal: | |
|---|---|
| Formato: | Capítulo de libro |
| Lenguaje: | eslovaco |
| Materias: | |
| Etiquetas: |
Sin Etiquetas, Sea el primero en etiquetar este registro!
|
MARC
| LEADER | 00000naa$a2200000$$$4500 | ||
|---|---|---|---|
| 001 | 0024642 | ||
| 005 | 20240502071420.1 | ||
| 041 | 0 | |a slo | |
| 044 | |a SK | ||
| 245 | 1 | 0 | |a Mobbing na pracovisku |c Hana Adamková |
| 520 | |a Mobbing - pretrvávajúca negatívna atmosféra a konflikty na pracovisku, ktoré sa následne odrážajú na výkone, ale aj psychickej forme zamestnancov a celej skupiny. Mobbing znižuje pracovnú výkonnosť. "Útočníci" - stratégie a formy útokov. Mobbing je pomerne zložité identifikovať, ale jeho dôsledky sú vždy ničivé. | ||
| 610 | 2 | 0 | |a mobbing |
| 610 | 2 | 0 | |a prostredie pracovné |
| 610 | 2 | 0 | |a vzťahy pracovné |
| 610 | 2 | 0 | |a konflikty |
| 610 | 2 | 0 | |a stresy |
| 610 | 2 | 0 | |a výkony pracovné |
| 100 | 1 | |a Adamková, Hana, 1969- | |